Statistics for Who Starred in that Movie Quiz #6

Click here to take the quiz!

General Stats

  • This quiz has been taken 33,990 times
    (11,860 since last reset)
  • The average score is 13 of 22

Answer Stats

MoviesStar% Correct
Die Hard, The Sixth Sense, Pulp FictionBruce Willis
95%
Dead Poets Society, Mrs. Doubtfire, HookRobin Williams
91%
Iron Man, Sherlock Holmes, Tropic ThunderRobert Downey Jr.
86%
The Godfather, Scarface, SerpicoAl Pacino
84%
The Dark Knight, Brokeback Mountain, A Knight's TaleHeath Ledger
79%
The Silence of the Lambs, The Remains of the Day, The Elephant ManAnthony Hopkins
72%
Wedding Crashers, Zoolander, Bottle RocketOwen Wilson
67%
Wall Street, The Game, Basic InstinctMichael Douglas
64%
Skyfall, Munich, DefianceDaniel Craig
63%
Jurassic Park, The Big Chill, The FlyJeff Goldblum
54%
Knocked Up, The Ugly Truth, 27 DressesKatherine Heigl
53%
Misery, Fried Green Tomatoes, About SchmidtKathy Bates
50%
Twister, As Good as It Gets, What Women WantHelen Hunt
50%
Ben-Hur, Planet of the Apes, Soylent GreenCharlton Heston
47%
The Shawshank Redemption, Mystic River, Bull DurhamTim Robbins
45%
Star Wars, Lawrence of Arabia, The Bridge on the River KwaiAlec Guinness
43%
Inception, Snowden, (500) Days of SummerJoseph Gordon-Levitt
42%
Les Misérables, Mamma Mia!, Mean GirlsAmanda Seyfried
40%
Bloodsport, Kickboxer, TimecopJean-Claude Van Damme
39%
Beaches, The First Wives Club, The Stepford WivesBette Midler
38%
Death Proof, The Thing, Escape from New YorkKurt Russell
37%
48 Hrs., Cape Fear, The Thin Red LineNick Nolte
30%

Score Distribution

Percentile by Number Answered

Percent of People with Each Score

Your Score History

You have not taken this quiz since the last reset